Big data analytics / (Record no. 104134)

MARC details
000 -LEADER
fixed length control field 00689nam a22002177a 4500
005 - DATE AND TIME OF LATEST TRANSACTION
control field 20161206112132.0
010 ## - LCCN (DPL NO)
LC control number ENG-116274
020 ## - INTERNATIONAL STANDARD BOOK NUMBER
International Standard Book Number 9788120351165
Terms of availability 250.00
035 ## - SYSTEM CONTROL NUMBER
System control number EN-99806
037 ## - SOURCE OF ACQUISITION
Source of stock number/acquisition DBAD/PUB
082 ## - DEWEY DECIMAL CLASSIFICATION NUMBER
Classification number 006.312
245 ## - TITLE STATEMENT
Title Big data analytics /
Statement of responsibility, etc edited by Parag Kulkarni, Sarang Joshi [and] Meta S. Brown
260 ## - PUBLICATION, DISTRIBUTION, ETC. (IMPRINT)
Place of publication, distribution, etc Delhi
Name of publisher, distributor, etc PHI Learning
Date of publication, distribution, etc 2016
270 ## - ADDRESS
Address 111,Patparganj Industrial Eatate
City Delhi
Postal code 110092
300 ## - PHYSICAL DESCRIPTION
Extent xii,189p. :
Other physical details ill
Dimensions 24cm(pbk)
500 ## - GENERAL NOTE
General note Includes bibliographical references and index
700 ## - ADDED ENTRY--PERSONAL NAME
Personal name Kulkarni,Parag
700 ## - ADDED ENTRY--PERSONAL NAME
Personal name Joshi,Sarang
700 ## - ADDED ENTRY--PERSONAL NAME
Personal name Brown, Meta S.
942 ## - ADDED ENTRY ELEMENTS (KOHA)
Source of classification or shelving scheme Dewey Decimal Classification
Item type English Books
Classification part 006.312
Call number suffix KUL
Holdings
Withdrawn status Lost status Not for loan Collection code Home library Current library Date acquired Source of acquisition Cost, normal purchase price Full call number Barcode Copy number Cost, replacement price Koha item type
    Not For Loan Non-fiction D.B.Act.Division D.B.Act.Division 21/10/2016 DBAD/PUB 250.00 006.312 KUL EN-99806 1 250.00 English Books

© Delhi Public Library
Hit Counter
free hit counter